Economía de la unión europea / (Registro nro. 11666)

Detalles MARC
000 -LEADER
fixed length control field 01145nam a2200265Ia 4500
003 - CONTROL NUMBER IDENTIFIER
control field OSt
005 - DATE AND TIME OF LATEST TRANSACTION
control field 20210503151252.0
008 - FIXED-LENGTH DATA ELEMENTS--GENERAL INFORMATION
fixed length control field 210310s2013 sp gr 000 0 spa d
020 ## - INTERNATIONAL STANDARD BOOK NUMBER
International Standard Book Number 9788436828283
040 ## - CATALOGING SOURCE
Original cataloging agency CO-JMCR
Transcribing agency CO-JMCR
041 0# - LANGUAGE CODE
Language code of text/sound track or separate title spa
082 04 - DEWEY DECIMAL CLASSIFICATION NUMBER
Classification number 330.94 /
Item number B837e
Edition number 23
100 1# - MAIN ENTRY--PERSONAL NAME
Personal name Buitrago Esquinas, María Eva,
Relator term autor
9 (RLIN) 26130
245 10 - TITLE STATEMENT
Title Economía de la unión europea /
Statement of responsibility, etc. Eva María Buitrago Esquinas, Luis Benjamín Romero Landa
260 ## - PUBLICATION, DISTRIBUTION, ETC.
Place of publication, distribution, etc. Madrid, España :
Name of publisher, distributor, etc. Pirámide,
Date of publication, distribution, etc. 2013.
300 ## - PHYSICAL DESCRIPTION
Extent 427 páginas :
Other physical details Ilustraciones y gráficos en blanco y negro ;
Dimensions 24 cm.
490 0# - SERIES STATEMENT
Series statement Colección, economía y empresa
500 ## - GENERAL NOTE
General note Incluye notas a pie de pagina.
504 ## - BIBLIOGRAPHY, ETC. NOTE
Bibliography, etc. note bibliografía : páginas 427.
505 0# - FORMATTED CONTENTS NOTE
Formatted contents note Introducción: teoría de la integración económica y visón global de la integración europea. -- La integración de mercados. -- La integración monetaria. -- El presupuesto de la Unión Europea y políticas internas.
650 14 - SUBJECT ADDED ENTRY--TOPICAL TERM
Topical term or geographic name entry element integración económica
9 (RLIN) 26132
650 24 - SUBJECT ADDED ENTRY--TOPICAL TERM
Topical term or geographic name entry element integración monetaria
9 (RLIN) 37389
700 1# - ADDED ENTRY--PERSONAL NAME
Personal name Romero Landa, Luis Benjamín,
Relator term autor
9 (RLIN) 37390
942 ## - ADDED ENTRY ELEMENTS (KOHA)
Source of classification or shelving scheme Dewey Decimal Classification
Koha item type Books
Existencias
Withdrawn status Lost status Source of classification or shelving scheme Damaged status Not for loan Home library Current library Shelving location Date acquired Source of acquisition Total Checkouts Full call number Barcode Date last seen Date last checked out Copy number Price effective from Koha item type
    Dewey Decimal Classification     Biblioteca Pública José María del Castillo y Rada Biblioteca Pública José María del Castillo y Rada General Stacks 04/15/2018 Donación 1 330.94 / B837e 430002111 04/30/2025 04/29/2025 Ej.1 03/10/2021 Books